[Event "76. LJUBLJANSKA SAHOVSKA LIGA 2024"]
[Site "gostovanja"]
[Date "2024.02.15"]
[Round "3.8"]
[White "Jese, Janez"]
[Black "Macek, Inti"]
[Result "1/2-1/2"]
[WhiteElo "1710"]
[BlackElo "1408"]
[PlyCount "134"]
[EventDate "2024.01.18"]
[WhiteTeam "SK MEDVODE"]
[BlackTeam "SK KOMENDA POGI"]

1. e4 e5 2. Bc4 Nf6 3. d4 exd4 4. Nf3 Nc6 5. O-O d6 6. Nxd4 Bd7 7. Nc3 Be7 8.
f4 O-O 9. h3 Nxd4 10. Qxd4 Bc6 11. Bd3 Nd7 12. Qf2 Re8 13. Be3 Bf6 14. Bd4 Bxd4
15. Qxd4 Qf6 16. Qf2 Nc5 17. Rae1 Rad8 18. Bc4 Nxe4 19. Nxe4 Bxe4 20. c3 a6 21.
g4 d5 22. Bb3 h6 23. Re3 Re7 24. Rfe1 Rde8 25. h4 Qd6 26. f5 c5 27. g5 c4 28.
f6 Re5 29. Bd1 g6 30. gxh6 Rf5 31. Rf3 Qxf6 32. Rxf5 Qxf5 33. Qxf5 gxf5 34. Kf2
Kh7 35. Kg3 Rg8+ 36. Kf4 f6 37. Bf3 Re8 38. Bh5 Re5 39. Bf7 Kxh6 40. Rg1 Re7
41. Bg6 Rg7 42. h5 b5 43. Rd1 Re7 44. Bxf5 Bxf5 45. Kxf5 Re5+ 46. Kxf6 Rxh5 47.
Rd2 Kh7 48. Ke6 Rh3 49. Rxd5 Rh2 50. Rd7+ Kg8 51. Ra7 Rxb2 52. Rxa6 Rc2 53. Ra3
Rb2 54. Kd6 b4 55. cxb4 Rxb4 56. Kc5 Rb7 57. Kxc4 Kf7 58. Re3 Rc7+ 59. Kb5 Rb7+
60. Ka6 Rb4 61. Ka5 Rb8 62. a4 Ra8+ 63. Kb4 Rb8+ 64. Kc5 Ra8 65. Re4 Kf6 66.
Kb6 Kf5 67. Re7 Rxa4 1/2-1/2

[Event "76. LJUBLJANSKA SAHOVSKA LIGA 2024"]
[Site "gostovanja"]
[Date "2024.02.15"]
[Round "3.8"]
[White "Zagar, Katarina"]
[Black "Krupenko, Andrej"]
[Result "1-0"]
[WhiteElo "1131"]
[BlackElo "1297"]
[PlyCount "93"]
[EventDate "2024.01.18"]
[WhiteTeam "SK KOMENDA POGI"]
[BlackTeam "SK MEDVODE"]

1. d4 d5 2. c4 e6 3. Nf3 Nf6 4. Nc3 Be7 5. Bf4 Bd6 6. Bxd6 Qxd6 7. e3 O-O 8.
Be2 c6 9. b3 Nbd7 10. Qc2 e5 11. cxd5 Nxd5 12. Nxd5 cxd5 13. dxe5 Nxe5 14. Nd4
Qb4+ 15. Qd2 Qxd2+ 16. Kxd2 a6 17. h3 Bd7 18. Rhd1 Nc6 19. Ke1 Nxd4 20. Rxd4
Be6 21. Bf3 Rfd8 22. Rad1 Re8 23. Bxd5 Bxd5 24. Rxd5 g6 25. Ke2 Rac8 26. Rd7 b5
27. R7d6 Rc2+ 28. R1d2 Rxd2+ 29. Kxd2 Ra8 30. Kd3 Kf8 31. Rc6 Ke7 32. f4 Kd7
33. Rb6 Ke7 34. Rb7+ Ke6 35. e4 h5 36. Rb6+ Ke7 37. Ke3 Kd7 38. e5 Ke7 39. g4
hxg4 40. hxg4 Kd7 41. f5 gxf5 42. gxf5 Ke7 43. Rb7+ Ke8 44. Ke4 Kf8 45. Kf4 Ke8
46. Kg5 Kf8 47. Kf6 1-0